Страх-страшилище (Запис номер 154288)
[ съкратено ]
| 000 -Лидер | |
|---|---|
| Контролно поле с фиксирана дължина | nam a22 a 4500 |
| 003 - Код на организацията, давaща контролен номер | |
| Контролно поле | BLK |
| 005 - Дата и час на последна редакция | |
| Контролно поле | 20230404030251.0 |
| 008 - Елементи от данни с фиксирана дължина | |
| fixed length control field | 180410b bul|||||r ||||||| ||bul|| |
| 010 ## - Наследен системен номер | |
| LC control number | KNG00160858000 |
| 040 ## - Източник на каталожния запис | |
| Идентификатор на билиотеката - собственик на записа | BLK |
| 041 ## - Код за език | |
| Код за езика на текст/звукозапис или на отделно заглавие | Български |
| Код за езика КДБФ | Български |
| 080 ## - УДК | |
| Текстов определител УДК | Българска литература |
| УДК код - определител по УДК | 821.163.2 |
| УДК определител | -93-32 |
| УДК - код + определител | 821.163.2-93-32 |
| 080 ## - УДК | |
| Текстов определител УДК | Българска литература |
| УДК код - определител по УДК | 821.163.2 |
| УДК определител | -93-34 |
| УДК - код + определител | 821.163.2-93-34 |
| 100 1# - Редна дума - Автор | |
| Автор | Василев, Орлин |
| Автор - информация (биография) | Василев, Христо Петков |
| R(LIN) | 377390 |
| 139 ## - Редно поле | |
| Редна дума | Василев, Орлин |
| Авторски знак | Васи - В 24 |
| 245 10 - Сведения за заглавието | |
| Заглавие | Страх-страшилище |
| Подзаглавни данни | Избрани произведения за деца и юноши : За средна и горна училищна възраст |
| Редно поле (дума) | Орлин Василев; ил. Анастасия Панайотова; ил. Тодор Михайлов Панайотов; предг. от Розалия Николова Ликова; * Христо Петков Василев. |
| 257 ## - Страна на издаване | |
| Страна на създаване/издаване | България |
| 260 ## - Област на издателските данни | |
| Място на издаване, разпространение и проч. | София |
| Име на издателя, разпространителя и проч. | Нар. младеж |
| Година на издаване | 1956 |
| Печатница | София : Д. Благоев |
| 300 ## - Физическа характеристика | |
| Страници | 220 с. |
| Илюстрации и др. | с ил., портр. |
| Размери/Мащаб | 21 см |
| 380 ## - Жанр | |
| Жанр | Детска худож. лит. |
| 500 ## - Общи забележки | |
| Забележка | Истинското име на авт. е Христо Петков Василев. - 10 000 тир. |
| 700 1# - Други автори (авторска отговорност) | |
| Лично име | Панайотова, Анастасия |
| Автороска отговорност (Описва отношението между автора и произведението) | ил. |
| 9 (RLIN) | 380986 |
| 700 1# - Други автори (авторска отговорност) | |
| Лично име | Панайотов, Тодор Михайлов |
| Автороска отговорност (Описва отношението между автора и произведението) | ил. |
| 9 (RLIN) | 378186 |
| 700 1# - Други автори (авторска отговорност) | |
| Лично име | Ликова, Розалия Николова |
| Автороска отговорност (Описва отношението между автора и произведението) | предг. от |
| 9 (RLIN) | 380913 |
| 700 1# - Други автори (авторска отговорност) | |
| Лично име | Василев, Христо Петков |
| Автороска отговорност (Описва отношението между автора и произведението) | * |
| 9 (RLIN) | 326448 |
| 852 ## - Местоположение | |
| Форматна сигнатура | Цб 267533 |
| 856 4# - Електронен адрес и достъп | |
| Електронен формат | pdf - файл |
| Инструкция (цена за достъп) | 0.00 |
| Права за достъп | disable |
| 856 4# - Електронен адрес и достъп | |
| Електронен формат | pdf - файл |
| Инструкция (цена за достъп) | 0.00 |
| Права за достъп | disable |
| 999 ## - СИСТЕМНИ КОНТРОЛНИ НОМЕРА | |
| Koha biblionumber | 154288 |
| Koha biblioitemnumber | 154288 |
| 942 ## - АРТИКУЛИ | |
| Вид на библиотечния материал | Книги |
| Скрит в OPAC | Не |
| Периодичен библиозапис | Да |
| 944 ## - СЪЗДАВАНЕ И РЕДАКЦИЯ на ЗАПИСА | |
| Създаване/Редакция | Създаване |
| Дата на регистрацията/редакция | 16.05.2014 |
| Статус, дата на статуса | 16.05.2014 - от С1,Р / 16.05.2014 |
| Служител, извършил регистрацията/редакцията | Симона_Петрова |
| 944 ## - СЪЗДАВАНЕ И РЕДАКЦИЯ на ЗАПИСА | |
| Създаване/Редакция | Редакция |
| Дата на регистрацията/редакция | 16.05.2014 |
| Статус, дата на статуса | 16.05.2014 - от С1,Р / 16.05.2014 |
| 999 ## - СИСТЕМНИ КОНТРОЛНИ НОМЕРА | |
| Koha biblioitemnumber | 154288 |
| Код за отписване | Код за изгубен артикул | Източник на класификационната схема | Код за повреда | Коз за рестрикции | Код за отдаване | Артикулен № | Име на библиотеката - собственик | Име на библиотеката, в която се намира в момента | Статус (Текущо местоположение) | Дата на вписване в системата | Местоположение - отдел | Цена в лева | Инвентарен номер | Систематично азбучна сигнатура | Баркод | Номер на екземпляра | Цена в евро | Служебна бележка | Служебен тип на артикула |
|---|---|---|---|---|---|---|---|---|---|---|---|---|---|---|---|---|---|---|---|
| Не е изгубен | Universal Decimal Classification | Не е повреден | без рестрикции | ползва се в читалня | 258598 | Регионална библиотека "Любен Каравелов" Русе | Регионална библиотека "Любен Каравелов" Русе | Хранилище | 1956-01-01 | Основен фонд - ползва се само за читалня | 0.75 | 5250/62 | Цб 267533 | 900000104155 | 1 | 0.38 | N: стар фонд Дата: 01.01.1956 | Книги |